When I grow up I to be a mail carrier : (Record no. 105659)
[ view plain ]
| 000 -LEADER | |
|---|---|
| fixed length control field | 00530nam a2200157 a 4500 |
| 005 - DATE AND TIME OF LATEST TRANSACTION | |
| control field | 20140412111410.0 |
| 008 - FIXED-LENGTH DATA ELEMENTS--GENERAL INFORMATION | |
| fixed length control field | 070215s19uu xx 00 eng d |
| 020 ## - INTERNATIONAL STANDARD BOOK NUMBER | |
| International Standard Book Number | 971-771-003-1 |
| 050 ## - LIBRARY OF CONGRESS CALL NUMBER | |
| Classification number | Fil 383.49 |
| Item number | S5 1997 |
| 100 ## - MAIN ENTRY--PERSONAL NAME | |
| Personal name | Santos, Evangeline |
| 245 ## - TITLE STATEMENT | |
| Title | When I grow up I to be a mail carrier : |
| Remainder of title | Paglaki ko gusto kong maging kartero / |
| Statement of responsibility, etc | Evangeline Santos. |
| 260 ## - PUBLICATION, DISTRIBUTION, ETC. (IMPRINT) | |
| Place of publication, distribution, etc | Philippines : |
| Name of publisher, distributor, etc | Museo pambata foundation, |
| Date of publication, distribution, etc | 1997. |
| 650 ## - SUBJECT ADDED ENTRY--TOPICAL TERM | |
| Topical term or geographic name as entry element | Postal services-- Letter carriers |
| 650 ## - SUBJECT ADDED ENTRY--TOPICAL TERM | |
| Topical term or geographic name as entry element | Vocational Interests |
| Withdrawn status | Lost status | Damaged status | Use restrictions | Home library | Current library | Shelving location | Date acquired | Source of acquisition | Total Checkouts | Full call number | Barcode | Date last seen | Price effective from | Koha item type |
|---|---|---|---|---|---|---|---|---|---|---|---|---|---|---|
| Elizalde Library | Elizalde Library | Filipiniana Section | 02/15/2007 | Fil 383.49 S5 1997 | E10499 | 04/12/2014 | 04/12/2014 | Books |